Altorientalische Miniaturkunst : die ältesten visuellen Massenkommunikationsmittel : ein Blick in die Sammlungen des Biblischen Instituts der Universität Freiburg Schweiz /

محفوظ في:

المؤلف الرئيسي: Keel, Othmar, 1937- (مؤلف)

مؤلف مشترك: Université de Fribourg. Institut biblique.

مؤلفون آخرون: Uehlinger, Christoph.

التنسيق: كتاب

اللغة: German

منشور في: Mainz am Rhein : P. von Zabern, c1990.

الموضوعات:

الوسوم: إضافة وسم

لا توجد وسوم, كن أول من يضع وسما على هذه التسجيلة!

رقم الطلب: NK5730 .K44 1990

LEADER 01376nam a22003017a 4500
003 OSt
005 20250915070148.0
008 250303s1990 gw abf g b 000 0 ger d
010 |a 90230248 
020 |a 3805311524 
040 |c ARCE Library 
043 |a aw-----  |a e-sz--- 
050 1 4 |a NK5730   |b .K44 1990 
100 1 |a Keel, Othmar,  |d 1937-  |e author  |9 33687 
245 1 0 |a Altorientalische Miniaturkunst :   |b die ältesten visuellen Massenkommunikationsmittel : ein Blick in die Sammlungen des Biblischen Instituts der Universität Freiburg Schweiz /   |c Othmar Keel, Christoph Uehlinger ; mit Beiträgen von Madeleine Gasser ... [et al.]. 
264 1 |a Mainz am Rhein :   |b P. von Zabern,   |c c1990. 
300 |a 163 pages, [12] pages of plates :   |b illustrations (some color), 1 map ;   |c 24 cm. 
500 |a "Gedruckt aus Anlass der Hundertjahrfeier 1989/90 mit Unterstützung des Rektorats und des Hochschulrats der Universität Freiburg Schweiz."--T.p. verso. 
504 |a Includes bibliographical references (p. 159-162). 
610 2 0 |a Université de Fribourg.  |b Institut biblique. 
650 0 |a Cylinder seals  |z Middle East. 
650 0 |a Intaglios  |z Middle East.  |9 13265 
651 0 |a Middle East  |x Antiquities. 
700 1 |a Uehlinger, Christoph.  |9 41403 
710 2 |a Université de Fribourg.  |b Institut biblique. 
901 |a reviewed 
942 |c BK  |2 lcc 
999 |c 23887  |d 23887